Quelle est la réponse la moins trouvée? - Statistiques

Statistiques générales
  • Ce quiz a été pris 124 fois
  • Le résultat moyen est 8 sur 20
Statistiques - réponses
Quiz Initiale Réponse % Correct
12 mois en 15 secondes D Décembre
97%
Test de Rapidité : Allez de 1 à 100 9 99
89%
Les 8 Planètes du Système Solaire N Neptune
75%
Pays du monde N Nauru
71%
Pays d'Amérique du Sud S Suriname
71%
Pays d'Europe S Saint-Marin
70%
Pays d'Océanie P Palaos
58%
Pays d'Asie T Timor oriental
50%
Pays d'Afrique S Sao Tomé-et-Principe
47%
Régions de France M Mayotte
33%
États des États-Unis V Virginie-Occidentale
33%
Pays aléatoires par drapeau S Saint-Christophe-et-Niévès
28%
Départements français H Haute-Saône
20%
Clubs Vainqueurs de la Ligue des Champions S Steaua Bucarest
13%
Drapeaux du Monde S Salomon
9%
Les 151 Pokémon de la Première Génération E Excelangue
5%
Capitales du Monde N Ngerulmud
5%
Les 100 prénoms les plus portés en France C Christiane
4%
Tableau périodique des éléments R Roentgenium
2%
100 Personnages de la saga Harry Potter P Phineas Black
0%
Aucun quiz correspondant
Distribution des résultats
% des personnes avec chaque résultat
Percentile par nombre de réponses
Votre historique - résultats
Vous n’avez pas pris ce quiz